00439 2200157 4500001002100000008004100021035002000062245004700082100001300129260004600142300002100188082001200209650003400221990001300255990001300268INLIS000000000000308 ind  a0010-0322000308 aSEJARAH KABINET-KABINET DI INDONESIAcIKHA aFIDELARA aJAKARTA SELATANbARMANDELTA SELARASc2010 a122 hlm.c26 cm. a297.622 aPOLITIK - SISTEM PEMERINTAHAN a102455-1 a102455-2